Hunter X Hunter - Arcs - Statistics

General Stats
  • This quiz has been taken 613 times
  • The average score is 4 of 8
Answer Stats
Hint Answer % Correct
Video Game, Bisky Greed Island
90%
Gon,Killua,Kurapika and Leorio Meet Hunter Exam
90%
Gon and Killua discover nen Heavens Arena
65%
Chains, York New Phantom Troupe
47%
King, Netero Chimera Ants
41%
Ging and the Zodiacs Election
39%
Wish and Sister Alluka
17%
The World Tree Ending
4%
No matching quizzes found
Score Distribution
Percent of People with Each Score
Percentile by Number Answered
Your Score History
You have not taken this quiz